| 000 | 02900nam a2200277Ia 4500 | ||
|---|---|---|---|
| 003 | OSt | ||
| 005 | 20210720095502.0 | ||
| 008 | 210310s2011 ck gr 000 0dspa d | ||
| 020 | _a9789588692210 | ||
| 040 |
_aCO-JMCR _cCO-JMCR |
||
| 041 | 0 | _aspa | |
| 082 | 0 | 4 |
_a332.82 / _bC961t _223 |
| 100 | 1 |
_aCuartas Mejía, Vicente, _916241 _eautor |
|
| 245 | 1 | 0 |
_aTasas de interés para la toma de decisiones de inversión / _cVicente Cuartas Mejía, Daniel Manzano Mira, José Fernando Gómez y [1 más] |
| 250 | _a1° edición | ||
| 260 |
_aMedellín : _bUniversidad de Medellín : Ediciones U, _c2011 |
||
| 300 |
_a106 páginas ; _c24 cm. |
||
| 500 | _aIncluye datos biográficos de los autores y glosario. | ||
| 504 | _aBibliografía: páginas 105-106 | ||
| 505 | 0 | _aGeneralidades y conversión de las tasas de interés -- Tasas netas, combinadas, reales, tasas promedio, tasas promedio ponderadas, tasas futuras implícitas (forward) -- Tasas de cambio y devaluación cruzadas -- Rentabilidad de las tasas de inversiones en moneda extranjera | |
| 520 | 3 | _aEn el mundo de las inversiones y las finanzas, las tasas de interés juegan un papel muy importante, ya que es por medio de estas que el inversionistas mide y compara la rentabilidad de diferentes proyectos de inversión, con el fin de escoger la mejor alternativa. Esta obra contiene los fundamentos para el estudio, análisis y comprensión del manejo financiero de las tasas de interés. Los conceptos se exponen de una forma clara y sencilla, de tal modo que le permita al lector el aprendizaje rápido, aun sin tener conocimientos sobre finanzas, ya que se exponen con matemáticas simples o convencionales. Cada uno de los temas tratados va acompañado de ejercicios de común ocurrencia en el mercado financiero y de capitales, tanto en el contexto nacional como internacional. El texto está acompañado de la aplicación de algunos temas en Excel, al igual que un simulador interactivo, el cual le permite al lector comprobar y resolver de manera rápida pequeños problemas del acontecer financiero en el campo de las tasas de interés. Al terminar de leer y comprender el texto, el lector tendrá la capacidad de analizar, interpretar y aplicar a la vida cotidiana los diferentes temas concernientes a las tasas de interés. Podrá solucionar de manera ágil problemas financieros presentes a la hora de adquirir un crédito o de realizar una inversión, sea en moneda nacional o extrajera. El lector también tendrá la capacidad de comprender los diferentes conceptos dentro del tópico de las tasas de interés: conversión de tasas, DTF, IPOC, UVR tasas futuras implícitas, netas, reales, devaluación, 4 por mil, TRM, entre otros. | |
| 650 | 1 | 4 |
_aTasas de interés _916243 _vModelos matemáticos |
| 700 | 1 |
_aManzano Mira, Daniel, _eautor _938582 |
|
| 700 | 1 |
_aGómez, José Fernando, _eautor _938583 |
|
| 942 |
_2ddc _cBK |
||
| 999 |
_c8067 _d8067 |
||